000 01231cam a2200289 a 4500
003 OSt
005 20260129155738.0
008 910924s1989 ce b i100 0 eng
020 _z9290901035
040 _aKABLIB
_cKABLIB
_beng
_erda
082 0 0 _a338.1
_223
_bSOC
245 0 0 _aSocial science perspectives on managing agricultural technology /
_cedited by David Groenfeldt, Joyce Lewinger Moock.
260 _aColombo, Sri Lanka :
_bInternational Irrigation Management Institute,
_cc1989.
300 _axv, 222 p. ;
_c27 cm.
504 _aIncludes bibliographical references.
650 0 _aAgricultural innovations
_xCongresses.
_914906
650 0 _aAgricultural innovations
_xSocial aspects
_xCongresses.
_914907
650 0 _aAgricultural innovations
_zDeveloping countries
_xCongresses.
_914908
650 0 _aAgriculture
_xResearch
_xCongresses.
_914909
650 0 _aAgriculture
_xResearch
_xSocial aspects
_xCongresses.
_914910
650 0 _aAgriculture
_xResearch
_zDeveloping countries
_xCongresses.
_914911
700 1 _aGroenfeldt, David.
_914912
700 1 _aMoock, Joyce Lewinger.
_914905
710 2 _aInternational Irrigation Management Institute.
_914913
710 2 _aRockefeller Foundation.
_914914
942 _2ddc
_cBOOK
999 _c5906
_d5906